000 00415nam a2200157Ia 4500
008 230711s9999||||xx |||||||||||||| ||und||
041 _aENG
082 _a624
_bBU-I
100 _aBureau of Indian Standard
245 0 _aIS : 2720 Pt 13 1986
_bMethods of test for soils Pt 13
250 _a2nd
260 _c1986
_aNew Delhi
_bBureau of Indian Standard
300 _a12
650 _aCivil Engineering
942 _cBK
999 _c8514
_d8514